|
|
|
|
| LEADER |
01180nta a2200229 i 4500 |
| 001 |
dokt9977 |
| 005 |
20221012134635.0 |
| 008 |
181107s2018 hu om 0|| eng d |
| 024 |
7 |
|
|a 10.14232/phd.9977
|2 doi
|
| 024 |
7 |
|
|a 30611634
|2 mtmt
|
| 040 |
|
|
|a SZTE Doktori Repozitórium
|b hun
|
| 041 |
|
|
|a eng
|
| 100 |
1 |
|
|a Balla Eszter
|
| 245 |
1 |
0 |
|a Seroprevalence of Some Bacterial Sexually Transmitted Infections in Patient Groups of Special Epidemiological Relevance in Hungary
|h [elektronikus dokumentum] /
|c Balla Eszter
|
| 246 |
1 |
0 |
|a Bakteriális eredetű, nemi úton terjedő betegségek szeroprevalenciai vizsgálati eredményei kiemelt járványügyi jelentőségű betegcsoportokban
|h [elektronikus dokumentum]
|
| 260 |
|
|
|c 2018-11-28
|
| 502 |
|
|
|a Disszertacio
|
| 650 |
|
4 |
|a elméleti orvostudományok
|
| 700 |
1 |
|
|a Urbán Edit
|e ths
|
| 856 |
4 |
0 |
|u https://doktori.bibl.u-szeged.hu/id/eprint/9977/1/PhD_Thesis_EszterBalla_FINAL.pdf
|z Dokumentum-elérés
|
| 856 |
4 |
0 |
|u https://doktori.bibl.u-szeged.hu/id/eprint/9977/2/Angolt%C3%A9zisek_BallaE_FINAL.pdf
|z Dokumentum-elérés
|
| 856 |
4 |
0 |
|u https://doktori.bibl.u-szeged.hu/id/eprint/9977/3/T%C3%A9zisek_BallaE_A5_FINAL.pdf
|z Dokumentum-elérés
|